Historia de Las Baleares / (Record no. 13371)

MARC details
000 -LEADER
campo de control de longitud fija 00625nam a22002055i 4500
001 - NÚMERO DE CONTROL
campo de control 13371
003 - IDENTIFICADOR DE NÚMERO DE CONTROL
campo de control ES-MaACL
005 - FECHA Y HORA DE LA ÚLTIMA TRANSACCIÓN
campo de control 20230906150546.0
007 - CAMPO FIJO DE DESCRIPCIÓN FÍSICA--INFORMACIÓN GENERAL
campo de control de longitud fija t|
008 - DATOS DE LONGITUD FIJA--INFORMACIÓN GENERAL
campo de control de longitud fija 930311s1991 sp ||||0| spa j
020 ## - NÚMERO INTERNACIONAL ESTÁNDAR DEL LIBRO
Número Internacional Estándar del Libro 84-86637-04-X
040 ## - FUENTE DE CATALOGACIÓN
Centro catalogador/agencia de origen M-BN
Lengua de catalogación spa
Centro/agencia transcriptor M-BN
080 ## - NÚMERO DE LA CLASIFICACIÓN DECIMAL UNIVERSAL
Número de la Clasificación Decimal Universal 946.032
245 00 - MENCIÓN DEL TÍTULO
Título Historia de Las Baleares /
Mención de responsabilidad, etc. [director y coordinador, Jorge Quiroga].
260 ## - PUBLICACIÓN, DISTRIBUCIÓN, ETC.
Lugar de publicación, distribución, etc. [Palma de Mallorca] :
Nombre del editor, distribuidor, etc. Formentor,
Fecha de publicación, distribución, etc. D.L. 1991.
300 ## - DESCRIPCIÓN FÍSICA
Extensión 2 v. :
Otras características físicas il. col. ;
Dimensiones 30 cm.
651 #4 - PUNTO DE ACCESO ADICIONAL DE MATERIA--NOMBRE GEOGRÁFICO
Nombre geográfico Baleares (Comunidad Autónoma)-
Subdivisión general Historia.
9 (RLIN) 7858
700 1# - ENTRADA AGREGADA--NOMBRE PERSONAL
Nombre de persona Quiroga, Jorge.
9 (RLIN) 94772
852 ## - LOCALIZACIÓN
Ubicación ES-MaACL
Número de control de estantería L-20702-3
Sublocalización o colección R.126278
Holdings
Estatus retirado Estado de pérdida Estado de daño No para préstamo Biblioteca de origen Biblioteca actual Ubicación en estantería Fecha de adquisición Fuente de adquisición Total de préstamos Signatura topográfica completa Código de barras Visto por última vez Precio de reemplazo Tipo de ítem Koha
        Biblioteca del Ateneo de Madrid Biblioteca del Ateneo de Madrid Depósito 2 17/01/2008     L-20702-3 1013614 23/02/2023 23/02/2023 Libro impreso